Effectif Stade Brestois 29: saison 2021-2022 - Statistiques

Statistiques générales
  • Ce quiz a été pris 200 fois
  • Le résultat moyen est 20 sur 25
Statistiques - réponses
Numéro Nationalité Position Réponse % Correct
1 France G Gautier Larsonneur
99%
40 Pays-Bas G Marco Bizot
97%
7 Algérie M Haris Belkebla
96%
15 Bénin A Steve Mounié
96%
5 France D Brendan Chardonnet
93%
11 Uruguay A Martin Satriano
92%
9 France A Franck Honorat
91%
24 Algérie M Youcef Belaïli
91%
2 France D Jean-Kevin Duverne
90%
20 Finlande D Jere Uronen
89%
27 France M Hugo Magnetti
86%
3 France D Lilian Brassier
82%
14 France A Irvin Cardona
80%
23 Martinique D Christophe Hérelle
77%
26 France A Jérémy Le Douaron
76%
30 France G Grégoire Coudert
69%
19 Comores A Rafiki Saïd
67%
8 France M Paul Lasne
66%
25 France M Romain Del Castillo
66%
16 France G Sébastien Cibois
66%
18 France D Ronaël Pierre-Gabriel
65%
22 France D Julien Faussurier
62%
10 France M Lucien Agoumé
61%
28 France M Hianga'a Mbock
55%
17 France D Denys Bain
51%
Aucun quiz correspondant
Distribution des résultats
% des personnes avec chaque résultat
Percentile par nombre de réponses
Votre historique - résultats
Vous n’avez pas pris ce quiz